[Event "Bekkestua op"]
[Site "Bekkestua"]
[Date "2023.08.04"]
[Round "4"]
[White "Berget, Eirik"]
[Black "Myagmarsuren, Evsuld"]
[Result "1-0"]
[WhiteElo "1876"]
[BlackElo "2274"]
[PlyCount "139"]
[EventDate "2023.08.04"]
[EventType "swiss"]
[EventRounds "6"]
[EventCountry "NOR"]
[SourceTitle "EXT 2024"]
[Source "ChessBase"]
[SourceDate "2023.10.10"]
[SourceVersion "1"]
[SourceVersionDate "2023.10.10"]
[SourceQuality "1"]

1. e4 c5 2. Nf3 d6 3. d4 cxd4 4. Nxd4 Nf6 5. Nc3 a6 6. Bc4 e6 7. a4 Be7 8. 0-0 0-0 9. Be3 Nc6 10. h3 Re8 11. f4 d5 12. exd5 exd5 13. Nxc6 bxc6 14. Bb3 Bd6 15. Bd4 Rb8 16. Qf3 Ne4 17. Nxe4 Rxe4 18. Rae1 Rxe1 19. Rxe1 g6 20. Qe3 Bf5 21. Bc3 Qf8 22. Kh1 h5 23. Qd4 Kh7 24. Qf6 Be6 25. Rf1 Be7 26. Qe5 Bd6 27. Qf6 Be7 28. Qe5 Bb4 29. Bd4 Bd6 30. Qf6 Be7 31. Qe5 Bd6 32. Qf6 c5 33. Bc3 Be7 34. Qe5 Bd6 35. Qf6 d4 36. Bxe6 fxe6 37. Qxe6 Re8 38. Qd7+ Qe7 39. Qxe7+ Rxe7 40. Bd2 Re2 41. Rd1 Kg7 42. Kg1 Kf6 43. Kf1 Re4 44. Re1 Rxe1+ 45. Kxe1 Kf5 46. Ke2 Ke4 47. b3 Bc7 48. g3 h4 49. gxh4 Bxf4 50. Bxf4 Kxf4 51. Kd3 Kg3 52. Kc4 Kxh3 53. Kxc5 Kxh4 54. b4 g5 55. b5 axb5 56. axb5 d3 57. cxd3 g4 58. b6 g3 59. b7 g2 60. b8Q g1Q+ 61. d4 Qc1+ 62. Kd5 Kg5 63. Qe5+ Kg6 64. Kd6 Qa3+ 65. Qc5 Qg3+ 66. Kc6 Kf7 67. Qd5+ Kg7 68. Qe5+ Qxe5 69. dxe5 Kf7 70. Kd7 1-0

[Event "Bekkestua op"]
[Site "Bekkestua"]
[Date "2023.08.04"]
[Round "2"]
[White "Nilsen, David Myrseth"]
[Black "Berget, Eirik"]
[Result "1/2-1/2"]
[WhiteElo "1710"]
[BlackElo "1876"]
[PlyCount "78"]
[EventDate "2023.08.04"]
[EventType "swiss"]
[EventRounds "6"]
[EventCountry "NOR"]
[SourceTitle "EXT 2024"]
[Source "ChessBase"]
[SourceDate "2023.10.10"]
[SourceVersion "1"]
[SourceVersionDate "2023.10.10"]
[SourceQuality "1"]

1. d4 Nf6 2. c4 c5 3. dxc5 e5 4. Nc3 Bxc5 5. e4 h6 6. Bd3 d6 7. h3 Be6 8. b3 0-0 9. Nge2 Nc6 10. 0-0 a6 11. Nd5 Rc8 12. Be3 Bxd5 13. exd5 e4 14. Bb1 Bxe3 15. fxe3 Ne5 16. Ng3 Re8 17. Qd4 Qe7 18. Nf5 Qd7 19. Bxe4 Nxe4 20. Qxe4 Ng6 21. Qd4 Re5 22. Qg4 Rd8 23. h4 h5 24. Qg5 Rde8 25. g4 hxg4 26. h5 Rxf5 27. Rxf5 Nh4 28. Rf2 Nf3+ 29. Rxf3 gxf3 30. h6 f6 31. Qxg7+ Qxg7+ 32. hxg7 Rxe3 33. Kf2 Re5 34. Kxf3 Kxg7 35. Rg1+ Kf7 36. Rh1 Kg7 37. Rg1+ Kf7 38. Rh1 Kg7 39. Rg1+ Kf7 1/2-1/2

[Event "Konnerud NGP B"]
[Site "Konnerud"]
[Date "2018.12.02"]
[Round "4"]
[White "Berget, Eirik"]
[Black "Sateren, Erlend"]
[Result "1/2-1/2"]
[WhiteElo "1440"]
[BlackElo "1485"]
[PlyCount "88"]
[EventDate "2018.12.01"]
[EventType "swiss"]
[EventRounds "5"]
[EventCountry "NOR"]
[SourceTitle "EXT 2024"]
[Source "ChessBase"]
[SourceDate "2023.10.10"]
[SourceVersion "1"]
[SourceVersionDate "2023.10.10"]
[SourceQuality "1"]

1. e4 e6 2. Nc3 c5 3. Nf3 Nc6 4. Bb5 Nf6 5. Bxc6 dxc6 6. d4 h6 7. 0-0 Be7 8. Be3 cxd4 9. Nxd4 0-0 10. Qd3 Ng4 11. h3 Nxe3 12. fxe3 b6 13. Rad1 Bb7 14. Qe2 Qc7 15. Qg4 Rad8 16. Nde2 Rxd1 17. Rxd1 Rd8 18. Nf4 Rxd1+ 19. Nxd1 Qe5 20. Nc3 b5 21. a3 a5 22. Qd1 Qd6 23. Qg4 b4 24. axb4 axb4 25. Nd1 Qe5 26. Nd3 Qd6 27. e5 Qd5 28. N1f2 c5 29. Qg3 c4 30. Ne1 Qd2 31. Ng4 h5 32. Nf6+ Bxf6 33. exf6 g6 34. Qb8+ Kh7 35. Qxb7 Qxe1+ 36. Kh2 Qxe3 37. Qxf7+ Kh6 38. Qg7+ Kg5 39. h4+ Kf5 40. f7 Qf4+ 41. Kg1 Qe3+ 42. Kh2 Qf4+ 43. Kg1 Qe3+ 44. Kh2 Qf4+ 1/2-1/2